Greatest Eastern European XI in Serie A - Statistics

General Stats
  • This quiz has been taken 164 times
  • The average score is 8 of 11
Answer Stats
Position Player Nationality Club % Correct
ST Andriy Shevchenko Ukraine AC Milan
98%
LM Pavel Nedvěd Czech Rep Lazio, Juventus
94%
GK Samir Handanovic Slovenia Inter Milan, Udinese
93%
CM Dejan Stanković Serbia Lazio, Inter Milan
79%
CB Kakhaber Kaladze Georgia AC Milan, Genoa
77%
CB Cristian Chivu Romania Inter Milan, AS Roma
75%
CB Siniša Mihajlović Yugoslavia AS Roma, Sampdoria, Lazio, Inter Milan
58%
ST Zbigniew Boniek Poland Juventus, AS Roma
52%
CAM Dejan Savićević Yugoslavia AC Milan
51%
RM Zvonimir Boban Croatia AC Milan, Bari
48%
CM Vladimir Jugović Yugoslavia Sampdoria, Juventus, Lazio, Inter Milan
27%
No matching quizzes found
Score Distribution
Percent of People with Each Score
Percentile by Number Answered
Your Score History
You have not taken this quiz